Loading...
| Fine Arts - Classical Music | 4 | 7.50 | 50% | 25% | 0% |
| Fine Arts - Other Fine Arts | 1 | 10.00 | 100% | 0% | 0% |
| Fine Arts - Visual Fine Arts | 3 | 6.67 | 67% | 0% | 0% |
| Geography/Current Events | 1 | 20.00 | 100% | 100% | 0% |
| History - American History | 5 | 12.00 | 100% | 20% | 0% |
| History - European History | 2 | 10.00 | 50% | 50% | 0% |
| History - Other History | 2 | 15.00 | 100% | 50% | 0% |
| History - World History | 4 | 12.50 | 100% | 25% | 0% |
| Literature - American Literature | 4 | 10.00 | 75% | 25% | 0% |
| Literature - British Literature | 5 | 8.00 | 60% | 20% | 0% |
| Literature - European Literature | 3 | 10.00 | 67% | 0% | 33% |
| Literature - World/Other Literature | 3 | 10.00 | 33% | 0% | 67% |
| Mythology | 5 | 12.00 | 80% | 40% | 0% |
| Other Academic | 1 | 20.00 | 100% | 100% | 0% |
| Pop Culture | 1 | 20.00 | 100% | 100% | 0% |
| Religion | 4 | 12.50 | 75% | 50% | 0% |
| Science - Biology | 3 | 6.67 | 67% | 0% | 0% |
| Science - Chemistry | 1 | 10.00 | 100% | 0% | 0% |
| Science - Other Science | 4 | 5.00 | 50% | 0% | 0% |
| Science - Physics | 1 | 10.00 | 100% | 0% | 0% |
| Social Science | 7 | 7.14 | 71% | 0% | 0% |